000 01156nam a22002657a 4500
005 20240530110432.0
008 150225s2012 ua eof f b 000 0aara d
017 _a16038/2009
_bمصر . دار الكتب المصرية
020 _a9789773502792
040 _aEG-CaGPL
041 0 _aara
082 0 4 _221
_a745.4\
_bى ت
100 0 _aياسر سهيل
245 1 2 _aالتصميم فى مجالات الفنون التطبيقية و العمارة :
_bاهمية استخدام الكمبيوتر فى التصميم :اهمية الابداع و الابتكار و الممارسة و مراحل التصميم الانشائية : جماليات اللون فى التصميم/
_cياسر سهيل
250 _aط1
260 _aالقاهرة :
_bدار الكتاب الحديث ،
_c2012
300 _a299 ص :
_bايض ؛
_c24 سم
504 _aببليوجرافية : ص 285 - 293
650 0 4 _aالتصميم الانشائى
650 0 4 _aالعمارة
_xتصميمات
650 0 4 _aهندسة الانشاءات
650 0 4 _aالتصميم
_xفنون
942 _2ddc
_cBK
999 _c60862
_d60862